Como éramos los italianos en la fotografía de Mario Nunes Vais 1885-1932

Guardat en:
Dades bibliogràfiques
Autor corporatiu: Departamento de Extensión de la Biblioteca Nacional (Autor), Instituto Chileno Italiano de Cultura (Autor)
Format: Llibre
Idioma:espanyol
Publicat: Santiago Departamento de Extensión de la Biblioteca Nacional 1981
Santiago Instituto Chileno Italiano de Cultura 1981
Matèries:
Etiquetes: Afegir etiqueta
Sense etiquetes, Sigues el primer a etiquetar aquest registre!

MARC

LEADER 00000nam a2200000 a 4500
001 UCH4945
003 CL-VaPUC
008 090910e19810000cl |||||||||||||||||spa|d
082 0 4 |a 983  |b DEP  |2 21 
110 2 |a Departamento de Extensión de la Biblioteca Nacional  |e author  |9 541017 
710 2 |a Instituto Chileno Italiano de Cultura  |e author  |9 541018 
245 1 0 |a Como éramos los italianos en la fotografía de Mario Nunes Vais 1885-1932 
300 |a 15 p 
942 |c BK 
945 |d 20090910 00:00:00  |a dcastane 
260 |a Santiago  |b Departamento de Extensión de la Biblioteca Nacional  |c 1981 
260 |a Santiago  |b Instituto Chileno Italiano de Cultura  |c 1981 
650 7 |a ITALIANOS-HISTORIA  |2 CL-VaPUC  |9 318437 
650 0 |a Emigración e inmigración  |9 257711 
650 7 |a COLONIAS EXTRANJERAS  |2 CL-VaPUC  |9 328458 
583 |a last modification  |c 20171010 10:53:15  |k Rodrigo Vera 
999 |c 336176  |d 336174 
952 |0 0  |1 0  |4 0  |6 983_000000000000000_DEP_1981_1981  |7 0  |8 X  |9 427157  |a FDOBUD  |b FDOBUD  |d 2019-11-22  |i 4599012  |o 983 DEP 1981 1981  |p 4599012  |r 2019-11-22  |w 2019-11-22  |y BK_X  |k BUD